The golden treasury of Indian quotations ( ancient & medieval)/ (Record no. 16255)

000 -LEADER
fixed length control field 00390nam a22001451a 4500
020 ## - INTERNATIONAL STANDARD BOOK NUMBER
ISBN 9788120719149
082 ## - DEWEY DECIMAL CLASSIFICATION NUMBER
Classification number 080.95 4
Item number SAL/G
100 ## - MAIN ENTRY--AUTHOR NAME
Personal name Saletore R N
245 ## - TITLE STATEMENT
Title The golden treasury of Indian quotations ( ancient & medieval)/
Statement of responsibility, etc by Saletore R N
260 ## - PUBLICATION, DISTRIBUTION, ETC. (IMPRINT)
Place of publication New Delhi:
Name of publisher Sterling,
Year of publication 1999.
300 ## - PHYSICAL DESCRIPTION
Number of Pages 454p.
650 ## - SUBJECT ADDED ENTRY--TOPICAL TERM
Topical Term Quotations India
650 ## - SUBJECT ADDED ENTRY--TOPICAL TERM
Topical Term Quotations
942 ## - ADDED ENTRY ELEMENTS (KOHA)
Koha item type Reference
Holdings
Withdrawn status Lost status Damaged status Not for loan Permanent Location Current Location Shelving location Date acquired Cost, normal purchase price Full call number Accession Number Cost, replacement price Price effective from Koha item type
        Sree Sankaracharya University of Sanskrit Sree Sankaracharya University of Sanskrit Reference 08.01.2015 600.00 R 080.95 4 SAL/G 023134 0.00 08.01.2015 Reference